Thiết kế bể tuyển nổi bằng phương pháp điện phân phục vụ giảng dạy trực quan : Luận văn tốt nghiệp Đại học
Nội dung giúp cho bạn đọc thấy đựợc nguyên tắc tuyển nổi bằng phương pháp điện phân, sự nổi lên của bọt ở điện cực và của các hạt chất rắn.
Gespeichert in:
| 1. Verfasser: | |
|---|---|
| Format: | Buch |
| Sprache: | Undetermined |
| Veröffentlicht: |
Cần Thơ
Trường Đại học Cần Thơ
2004
|
| Schlagworte: | |
| Tags: |
Tag hinzufügen
Keine Tags, Fügen Sie den ersten Tag hinzu!
|
| Thư viện lưu trữ: | Trung tâm Học liệu Trường Đại học Cần Thơ |
|---|
| LEADER | 01058nam a2200217Ia 4500 | ||
|---|---|---|---|
| 001 | CTU_143127 | ||
| 008 | 210402s9999 xx 000 0 und d | ||
| 082 | |a 627.14 | ||
| 082 | |b Ch300 | ||
| 088 | |a 1000715 | ||
| 100 | |a Lê, Thị Cẩm Chi | ||
| 245 | 0 | |a Thiết kế bể tuyển nổi bằng phương pháp điện phân phục vụ giảng dạy trực quan : | |
| 245 | 0 | |b Luận văn tốt nghiệp Đại học | |
| 245 | 0 | |c Lê Thị Cẩm Tú ; Lê Hoàng Việt (Giáo viên hướng dẫn) | |
| 260 | |a Cần Thơ | ||
| 260 | |b Trường Đại học Cần Thơ | ||
| 260 | |c 2004 | ||
| 520 | |a Nội dung giúp cho bạn đọc thấy đựợc nguyên tắc tuyển nổi bằng phương pháp điện phân, sự nổi lên của bọt ở điện cực và của các hạt chất rắn. | ||
| 650 | |a Irrigation engineering,Công nghệ thuỷ lợi | ||
| 904 | |i Tuyến | ||
| 980 | |a Trung tâm Học liệu Trường Đại học Cần Thơ | ||